[Event "Team Championship (women blitz)"]
[Site "Sochi"]
[Date "2017.10.05"]
[Round "6.1"]
[White "Ubiennykh, Ekaterina"]
[Black "Pogonina, Natalija"]
[Result "1-0"]
[LiveChessVersion "1.4.8"]
[BlackElo "2401"]
[WhiteElo "2364"]

1. d4 {[%clk 0:03:03]} Nf6 {[%clk 0:03:02]} 2. c4 {[%clk 0:03:04]} e6
{[%clk 0:03:03]} 3. Nc3 {[%clk 0:03:05]} d5 {[%clk 0:03:03]} 4. cxd5
{[%clk 0:02:56]} exd5 {[%clk 0:03:04]} 5. Bg5 {[%clk 0:02:56]} c6
{[%clk 0:03:03]} 6. e3 {[%clk 0:02:56]} Be7 {[%clk 0:03:03]} 7. Bd3
{[%clk 0:02:56]} Nbd7 {[%clk 0:03:02]} 8. Nf3 {[%clk 0:02:51]} Nh5
{[%clk 0:02:55]} 9. Bxe7 {[%clk 0:02:43]} Qxe7 {[%clk 0:02:55]} 10. O-O
{[%clk 0:02:39]} Nhf6 {[%clk 0:02:47]} 11. Rb1 {[%clk 0:02:35]} O-O
{[%clk 0:02:43]} 12. b4 {[%clk 0:02:36]} a6 {[%clk 0:02:43]} 13. Qc2
{[%clk 0:02:11]} Re8 {[%clk 0:02:35]} 14. Rfc1 {[%clk 0:02:09]} Ne4
{[%clk 0:02:27]} 15. Bxe4 {[%clk 0:02:08]} dxe4 {[%clk 0:02:27]} 16. Nd2
{[%clk 0:02:09]} Nf6 {[%clk 0:02:27]} 17. Na4 {[%clk 0:02:07]} Be6
{[%clk 0:02:15]} 18. Rb2 {[%clk 0:00:56]} Bd5 {[%clk 0:02:13]} 19. Qc5
{[%clk 0:00:55]} Qc7 {[%clk 0:02:07]} 20. h3 {[%clk 0:00:40]} Rad8
{[%clk 0:02:06]} 21. Nb6 {[%clk 0:00:34]} h6 {[%clk 0:01:50]} 22. a4
{[%clk 0:00:34]} Qb8 {[%clk 0:01:11]} 23. b5 {[%clk 0:00:32]} axb5
{[%clk 0:01:10]} 24. axb5 {[%clk 0:00:34]} Nd7 {[%clk 0:00:49]} 25. Nxd7
{[%clk 0:00:33]} Rxd7 {[%clk 0:00:49]} 26. bxc6 {[%clk 0:00:32]} Bxc6
{[%clk 0:00:50]} 27. Nc4 {[%clk 0:00:29]} Rd5 {[%clk 0:00:47]} 28. Qb6
{[%clk 0:00:29]} Qa8 {[%clk 0:00:26]} 29. Ne5 {[%clk 0:00:29]} Rc8
{[%clk 0:00:25]} 30. Rbc2 {[%clk 0:00:28]} Rd6 {[%clk 0:00:20]} 31. Qb3
{[%clk 0:00:23]} Rc7 {[%clk 0:00:13]} 32. Qb4 {[%clk 0:00:15]} Qd8
{[%clk 0:00:13]} 33. Ra1 {[%clk 0:00:11]} Bd5 {[%clk 0:00:09]} 34. Ra8
{[%clk 0:00:08]} Rxc2 {[%clk 0:00:07]} 35. Rxd8+ {[%clk 0:00:09]} Rxd8
{[%clk 0:00:08]} 36. Qe7 {[%clk 0:00:09]} Rcc8 {[%clk 0:00:06]} 37. Kh2
{[%clk 0:00:09]} b5 {[%clk 0:00:07]} 38. g4 {[%clk 0:00:09]} Rb8 {[%clk 0:00:06]}
39. Qb4 {[%clk 0:00:10]} f6 {[%clk 0:00:06]} 40. Ng6 {[%clk 0:00:08]} Kh7
{[%clk 0:00:05]} 41. Nf4 {[%clk 0:00:09]} Bf7 {[%clk 0:00:05]} 42. h4
{[%clk 0:00:07]} Rd7 {[%clk 0:00:05]} 43. Kg3 {[%clk 0:00:08]} Bc4
{[%clk 0:00:04]} 44. g5 {[%clk 0:00:08]} fxg5 {[%clk 0:00:04]} 45. hxg5
{[%clk 0:00:09]} hxg5 {[%clk 0:00:05]} 46. Nh3 {[%clk 0:00:11]} Kg6
{[%clk 0:00:05]} 47. Qc5 {[%clk 0:00:12]} Rbb7 {[%clk 0:00:03]} 48. Qxg5+
{[%clk 0:00:12]} Kf7 {[%clk 0:00:04]} 49. Qf5+ {[%clk 0:00:11]} Kg8
{[%clk 0:00:05]} 50. Qc5 {[%clk 0:00:10]} Rbc7 {[%clk 0:00:06]} 51. Qb4
{[%clk 0:00:11]} Rd5 {[%clk 0:00:05]} 52. Nf4 {[%clk 0:00:12]} Rdd7
{[%clk 0:00:06]} 53. Ng6 {[%clk 0:00:12]} Kh7 {[%clk 0:00:05]} 54. Nf8+
{[%clk 0:00:13]} Kg8 {[%clk 0:00:06]} 55. Nxd7 {[%clk 0:00:13]} Rxd7
{[%clk 0:00:07]} 56. Kf4 {[%clk 0:00:14]} Bd3 {[%clk 0:00:06]} 57. Ke5
{[%clk 0:00:12]} Rf7 {[%clk 0:00:07]} 58. Qb2 {[%clk 0:00:13]} Re7+
{[%clk 0:00:07]} 59. Kd6 {[%clk 0:00:14]} Rb7 {[%clk 0:00:07]} 60. Qb4
{[%clk 0:00:14]} Rf7 {[%clk 0:00:07]} 61. Qb2 {[%clk 0:00:16]} Rb7
{[%clk 0:00:08]} 62. d5 {[%clk 0:00:17]} b4 {[%clk 0:00:09]} 63. Kc6
{[%clk 0:00:18]} Rb8 {[%clk 0:00:07]} 64. d6 {[%clk 0:00:19]} b3 {[%clk 0:00:07]}
65. Kc7 {[%clk 0:00:20]} Rf8 {[%clk 0:00:05]} 66. Qxb3+ {[%clk 0:00:21]} 1-0

[Event "Team Championship (women blitz)"]
[Site "Sochi"]
[Date "2017.10.05"]
[Round "6.2"]
[White "Girya, Olga"]
[Black "Bivol, Alina"]
[Result "0-1"]
[LiveChessVersion "1.4.8"]
[BlackElo "2308"]
[WhiteElo "2338"]

1. d4 {[%clk 0:03:03]} Nf6 {[%clk 0:03:04]} 2. Nf3 {[%clk 0:03:05]} g6
{[%clk 0:03:05]} 3. Bg5 {[%clk 0:03:06]} Bg7 {[%clk 0:03:05]} 4. Nbd2
{[%clk 0:03:06]} d5 {[%clk 0:03:05]} 5. Bxf6 {[%clk 0:03:05]} exf6
{[%clk 0:03:02]} 6. g3 {[%clk 0:03:02]} O-O {[%clk 0:03:01]} 7. Bg2
{[%clk 0:03:03]} Nd7 {[%clk 0:02:57]} 8. O-O {[%clk 0:02:58]} f5 {[%clk 0:02:58]}
9. e3 {[%clk 0:03:00]} c6 {[%clk 0:02:51]} 10. c4 {[%clk 0:02:55]} Nf6
{[%clk 0:02:46]} 11. cxd5 {[%clk 0:02:35]} Nxd5 {[%clk 0:02:42]} 12. Nb3
{[%clk 0:02:34]} b6 {[%clk 0:02:30]} 13. Rc1 {[%clk 0:02:35]} Bb7
{[%clk 0:02:30]} 14. Ne5 {[%clk 0:02:27]} Rc8 {[%clk 0:02:25]} 15. Nd3
{[%clk 0:02:19]} Re8 {[%clk 0:02:17]} 16. Re1 {[%clk 0:02:21]} Qd6
{[%clk 0:02:10]} 17. a3 {[%clk 0:02:13]} h6 {[%clk 0:01:31]} 18. Qc2
{[%clk 0:02:01]} Kh7 {[%clk 0:01:29]} 19. h4 {[%clk 0:01:59]} Ba6
{[%clk 0:01:20]} 20. Red1 {[%clk 0:01:47]} Bb7 {[%clk 0:01:06]} 21. Qd2
{[%clk 0:01:41]} Nf6 {[%clk 0:01:04]} 22. Ne5 {[%clk 0:01:37]} Qe6
{[%clk 0:00:48]} 23. Qc2 {[%clk 0:01:34]} Nd5 {[%clk 0:00:46]} 24. Nd3
{[%clk 0:01:25]} Nf6 {[%clk 0:00:43]} 25. Nf4 {[%clk 0:01:23]} Qd7
{[%clk 0:00:43]} 26. Qc4 {[%clk 0:01:16]} Ne4 {[%clk 0:00:33]} 27. Nd2
{[%clk 0:01:12]} Nd6 {[%clk 0:00:21]} 28. Qd3 {[%clk 0:01:11]} Qe7
{[%clk 0:00:16]} 29. Rc2 {[%clk 0:01:06]} Rc7 {[%clk 0:00:15]} 30. Rdc1
{[%clk 0:01:07]} Rec8 {[%clk 0:00:15]} 31. Nb3 {[%clk 0:00:42]} a5
{[%clk 0:00:13]} 32. Nd2 {[%clk 0:00:41]} c5 {[%clk 0:00:11]} 33. Bxb7
{[%clk 0:00:36]} Nxb7 {[%clk 0:00:11]} 34. Nd5 {[%clk 0:00:37]} Qd7
{[%clk 0:00:09]} 35. Nxb6 {[%clk 0:00:33]} Qd6 {[%clk 0:00:08]} 36. Nxc8
{[%clk 0:00:33]} Rxc8 {[%clk 0:00:10]} 37. Qb5 {[%clk 0:00:30]} Rc7
{[%clk 0:00:11]} 38. dxc5 {[%clk 0:00:26]} Qd5 {[%clk 0:00:09]} 39. Qc4
{[%clk 0:00:25]} Qc6 {[%clk 0:00:10]} 40. b4 {[%clk 0:00:25]} axb4
{[%clk 0:00:11]} 41. axb4 {[%clk 0:00:26]} Be5 {[%clk 0:00:11]} 42. Nf3
{[%clk 0:00:26]} Qxf3 {[%clk 0:00:11]} 43. Rd2 {[%clk 0:00:13]} Nd6
{[%clk 0:00:05]} 44. Qd5 {[%clk 0:00:13]} Ne4 {[%clk 0:00:04]} 45. Rdc2
{[%clk 0:00:09]} Bxg3 {[%clk 0:00:05]} 46. fxg3 {[%clk 0:00:05]} Qxg3+
{[%clk 0:00:06]} 47. Kf1 {[%clk 0:00:04]} Qf3+ {[%clk 0:00:07]} 48. Ke1
{[%clk 0:00:04]} Qxe3+ {[%clk 0:00:07]} 49. Kd1 {[%clk 0:00:05]} Nf2+
{[%clk 0:00:08]} 50. Rxf2 {[%clk 0:00:06]} Qxf2 {[%clk 0:00:09]} 51. Rc2
{[%clk 0:00:07]} Qf1+ {[%clk 0:00:10]} 52. Kd2 {[%clk 0:00:09]} Qf2+
{[%clk 0:00:11]} 53. Kc3 {[%clk 0:00:10]} Qe3+ {[%clk 0:00:12]} 54. Qd3
{[%clk 0:00:11]} Qe5+ {[%clk 0:00:13]} 55. Qd4 {[%clk 0:00:12]} Qg3+
{[%clk 0:00:14]} 56. Kc4 {[%clk 0:00:13]} Re7 {[%clk 0:00:14]} 57. Qd5
{[%clk 0:00:13]} Re4+ {[%clk 0:00:15]} 58. Kb5 {[%clk 0:00:14]} Qb8+
{[%clk 0:00:16]} 59. Ka5 {[%clk 0:00:15]} Qa7+ {[%clk 0:00:17]} 60. Kb5
{[%clk 0:00:17]} Qb8+ {[%clk 0:00:17]} 61. Ka5 {[%clk 0:00:18]} Qxb4+
{[%clk 0:00:18]} 62. Ka6 {[%clk 0:00:19]} Qa4+ {[%clk 0:00:18]} 63. Kb6
{[%clk 0:00:17]} Re6+ {[%clk 0:00:19]} 64. c6 {[%clk 0:00:17]} Qxc2
{[%clk 0:00:19]} 0-1

[Event "Team Championship (women blitz)"]
[Site "Sochi"]
[Date "2017.10.05"]
[Round "6.3"]
[White "Tomilova, Elena"]
[Black "Nechaeva, Marina"]
[Result "0-1"]
[LiveChessVersion "1.4.8"]
[BlackElo "2347"]
[WhiteElo "2279"]

1. d4 {[%clk 0:03:03]} d5 {[%clk 0:03:04]} 2. Bg5 {[%clk 0:03:04]} c6
{[%clk 0:03:02]} 3. e3 {[%clk 0:02:59]} h6 {[%clk 0:03:02]} 4. Bh4
{[%clk 0:02:59]} Qb6 {[%clk 0:03:03]} 5. b3 {[%clk 0:02:52]} e5 {[%clk 0:03:03]}
6. Nf3 {[%clk 0:02:51]} e4 {[%clk 0:03:04]} 7. Nfd2 {[%clk 0:02:51]} Ne7
{[%clk 0:03:04]} 8. c4 {[%clk 0:02:41]} Nf5 {[%clk 0:03:04]} 9. Bg3
{[%clk 0:02:41]} Nxg3 {[%clk 0:03:04]} 10. hxg3 {[%clk 0:02:41]} Be7
{[%clk 0:03:03]} 11. Nc3 {[%clk 0:02:38]} Be6 {[%clk 0:03:03]} 12. Be2
{[%clk 0:02:34]} O-O {[%clk 0:03:03]} 13. O-O {[%clk 0:02:26]} Nd7
{[%clk 0:02:59]} 14. f3 {[%clk 0:02:12]} exf3 {[%clk 0:03:00]} 15. gxf3
{[%clk 0:02:03]} dxc4 {[%clk 0:02:53]} 16. Nxc4 {[%clk 0:02:02]} Qc7
{[%clk 0:02:55]} 17. Kg2 {[%clk 0:01:59]} Rad8 {[%clk 0:02:52]} 18. d5
{[%clk 0:01:50]} Nf6 {[%clk 0:02:45]} 19. e4 {[%clk 0:01:44]} cxd5
{[%clk 0:02:45]} 20. exd5 {[%clk 0:01:25]} Nxd5 {[%clk 0:02:46]} 21. Nxd5
{[%clk 0:01:24]} Rxd5 {[%clk 0:02:44]} 22. Qc2 {[%clk 0:01:23]} b5
{[%clk 0:02:40]} 23. Ne3 {[%clk 0:01:18]} Qxc2 {[%clk 0:02:40]} 24. Nxc2
{[%clk 0:01:19]} Rd2 {[%clk 0:02:42]} 0-1

[Event "Team Championship (women blitz)"]
[Site "Sochi"]
[Date "2017.10.05"]
[Round "6.4"]
[White "Kovanova, Baira"]
[Black "Travkina, Anastasia"]
[Result "1/2-1/2"]
[LiveChessVersion "1.4.8"]
[BlackElo "2099"]
[WhiteElo "2286"]

1. Nf3 {[%clk 0:03:02]} d5 {[%clk 0:03:03]} 2. d3 {[%clk 0:03:02]} Nf6
{[%clk 0:03:03]} 3. g3 {[%clk 0:03:03]} c6 {[%clk 0:02:57]} 4. Bg2
{[%clk 0:03:03]} h6 {[%clk 0:02:57]} 5. O-O {[%clk 0:03:02]} Bf5 {[%clk 0:02:57]}
6. Nbd2 {[%clk 0:03:02]} e6 {[%clk 0:02:58]} 7. Qe1 {[%clk 0:03:03]} Be7
{[%clk 0:02:54]} 8. e4 {[%clk 0:03:03]} Bh7 {[%clk 0:02:50]} 9. Qe2
{[%clk 0:03:04]} O-O {[%clk 0:02:49]} 10. b3 {[%clk 0:03:03]} Nbd7
{[%clk 0:02:45]} 11. Bb2 {[%clk 0:03:04]} a5 {[%clk 0:02:42]} 12. a4
{[%clk 0:03:02]} Bb4 {[%clk 0:02:28]} 13. Rad1 {[%clk 0:02:31]} Qe7
{[%clk 0:02:26]} 14. Nh4 {[%clk 0:01:43]} Ba3 {[%clk 0:02:21]} 15. Ba1
{[%clk 0:01:33]} Bb4 {[%clk 0:02:18]} 16. Bb2 {[%clk 0:01:28]} Ba3
{[%clk 0:02:19]} 17. Ba1 {[%clk 0:01:29]} Bb4 {[%clk 0:02:20]} 1/2-1/2

[Event "Team Championship (women blitz)"]
[Site "Sochi"]
[Date "2017.10.05"]
[Round "6.5"]
[White "Ambartsumova, Karina"]
[Black "Garifullina, Leya"]
[Result "1-0"]
[LiveChessVersion "1.4.8"]
[BlackElo "1872"]
[WhiteElo "2347"]

1. d4 {[%clk 0:03:03]} Nf6 {[%clk 0:03:03]} 2. Bf4 {[%clk 0:03:03]} e6
{[%clk 0:03:01]} 3. e3 {[%clk 0:03:00]} c5 {[%clk 0:03:02]} 4. Nf3
{[%clk 0:02:59]} d5 {[%clk 0:03:02]} 5. c3 {[%clk 0:02:57]} Nc6 {[%clk 0:03:03]}
6. Nbd2 {[%clk 0:02:58]} Bd6 {[%clk 0:03:04]} 7. Bg3 {[%clk 0:02:59]} Bxg3
{[%clk 0:02:52]} 8. hxg3 {[%clk 0:03:00]} cxd4 {[%clk 0:02:53]} 9. exd4
{[%clk 0:02:59]} h6 {[%clk 0:02:40]} 10. Bb5 {[%clk 0:02:52]} Qb6
{[%clk 0:02:22]} 11. Qe2 {[%clk 0:02:44]} a6 {[%clk 0:02:07]} 12. Bxc6+
{[%clk 0:02:43]} bxc6 {[%clk 0:02:07]} 13. Nb3 {[%clk 0:02:35]} Rb8
{[%clk 0:01:52]} 14. Rb1 {[%clk 0:02:03]} a5 {[%clk 0:01:22]} 15. Nc5
{[%clk 0:02:04]} Qb5 {[%clk 0:01:18]} 16. Ne5 {[%clk 0:01:51]} Qxe2+
{[%clk 0:00:23]} 17. Kxe2 {[%clk 0:01:52]} Rb6 {[%clk 0:00:20]} 18. g4
{[%clk 0:01:48]} Nd7 {[%clk 0:00:12]} 19. Nexd7 {[%clk 0:01:40]} Bxd7
{[%clk 0:00:13]} 20. g5 {[%clk 0:01:41]} Bc8 {[%clk 0:00:09]} 21. gxh6
{[%clk 0:01:41]} gxh6 {[%clk 0:00:10]} 22. Rh4 {[%clk 0:01:32]} Kf8
{[%clk 0:00:09]} 23. b3 {[%clk 0:01:30]} Ba6+ {[%clk 0:00:06]} 24. Ke3
{[%clk 0:01:26]} Bc8 {[%clk 0:00:07]} 25. Rbh1 {[%clk 0:01:25]} Kg7
{[%clk 0:00:08]} 26. Rg4+ {[%clk 0:01:18]} Kf8 {[%clk 0:00:09]} 27. Rf4
{[%clk 0:01:14]} Kg7 {[%clk 0:00:07]} 28. Rh3 {[%clk 0:01:11]} f6
{[%clk 0:00:06]} 29. Rg3+ {[%clk 0:01:09]} Kf7 {[%clk 0:00:07]} 30. Rfg4
{[%clk 0:01:09]} e5 {[%clk 0:00:03]} 31. Rg7+ {[%clk 0:01:07]} Ke8
{[%clk 0:00:03]} 32. Rg8+ {[%clk 0:01:04]} Rxg8 {[%clk 0:00:04]} 33. Rxg8+
{[%clk 0:01:04]} Ke7 {[%clk 0:00:03]} 34. Rxc8 {[%clk 0:01:05]} 1-0

[Event "Team Championship (women blitz)"]
[Site "Sochi"]
[Date "2017.10.05"]
[Round "6.6"]
[White "Stepanyan, Eva"]
[Black "Nebolsina, Vera"]
[Result "0-1"]
[LiveChessVersion "1.4.8"]
[BlackElo "2176"]
[WhiteElo "1760"]

1. e4 {[%clk 0:03:03]} c5 {[%clk 0:03:01]} 2. Nf3 {[%clk 0:03:05]} d6
{[%clk 0:03:01]} 3. d4 {[%clk 0:03:06]} cxd4 {[%clk 0:03:02]} 4. Nxd4
{[%clk 0:03:07]} Nf6 {[%clk 0:03:03]} 5. Nc3 {[%clk 0:03:08]} a6 {[%clk 0:03:04]}
6. Be2 {[%clk 0:03:10]} e5 {[%clk 0:03:05]} 7. Nf3 {[%clk 0:03:11]} h6
{[%clk 0:02:58]} 8. a4 {[%clk 0:02:51]} Be7 {[%clk 0:02:54]} 9. Bc4
{[%clk 0:02:49]} O-O {[%clk 0:02:30]} 10. O-O {[%clk 0:02:49]} Nc6
{[%clk 0:02:00]} 11. Qe2 {[%clk 0:02:30]} Bg4 {[%clk 0:01:57]} 12. Be3
{[%clk 0:02:08]} Nd4 {[%clk 0:01:48]} 13. Bxd4 {[%clk 0:02:05]} exd4
{[%clk 0:01:48]} 14. Nd5 {[%clk 0:01:49]} Rc8 {[%clk 0:01:24]} 15. Bb3
{[%clk 0:01:32]} Nxd5 {[%clk 0:01:23]} 16. exd5 {[%clk 0:01:30]} Bf6
{[%clk 0:01:14]} 17. Qd3 {[%clk 0:01:28]} Bxf3 18. Qxf3 {[%clk 0:01:29]} Re8
{[%clk 0:01:04]} 19. Rfe1 {[%clk 0:01:27]} Qa5 {[%clk 0:01:04]} 20. Re4
{[%clk 0:01:12]} Re5 {[%clk 0:00:55]} 21. Rxe5 {[%clk 0:01:05]} Bxe5
{[%clk 0:00:46]} 22. Qd3 {[%clk 0:01:03]} Bf6 {[%clk 0:00:45]} 23. h3
{[%clk 0:00:56]} Re8 {[%clk 0:00:46]} 24. g3 {[%clk 0:00:50]} g6 {[%clk 0:00:44]}
25. Kg2 {[%clk 0:00:51]} Kg7 {[%clk 0:00:45]} 26. Rc1 {[%clk 0:00:49]} h5
{[%clk 0:00:41]} 27. Rd1 {[%clk 0:00:49]} Re7 {[%clk 0:00:40]} 28. Qf3
{[%clk 0:00:43]} Qc7 {[%clk 0:00:34]} 29. Qd3 {[%clk 0:00:37]} Qc8
{[%clk 0:00:34]} 30. Qd2 {[%clk 0:00:33]} h4 {[%clk 0:00:32]} 31. Qf4
{[%clk 0:00:28]} hxg3 {[%clk 0:00:31]} 32. Qxg3 {[%clk 0:00:27]} Be5
{[%clk 0:00:30]} 33. Qf3 {[%clk 0:00:27]} Re8 {[%clk 0:00:30]} 34. Re1
{[%clk 0:00:25]} Rh8 {[%clk 0:00:31]} 35. Re4 {[%clk 0:00:26]} Rh5
{[%clk 0:00:31]} 36. Rg4 {[%clk 0:00:23]} Rh8 {[%clk 0:00:28]} 37. Qe2
{[%clk 0:00:24]} Qf5 {[%clk 0:00:27]} 38. Bc4 {[%clk 0:00:22]} Qh5
{[%clk 0:00:27]} 39. Qf3 {[%clk 0:00:20]} f5 {[%clk 0:00:26]} 40. Be2
{[%clk 0:00:11]} fxg4 {[%clk 0:00:24]} 0-1

[Event "Team Championship (women blitz)"]
[Site "Sochi"]
[Date "2017.10.05"]
[Round "6.7"]
[White "Shafigullina, Zarina"]
[Black "Chekletsova, Darya"]
[Result "0-1"]
[LiveChessVersion "1.4.8"]
[BlackElo "1383"]
[WhiteElo "2041"]

1. d4 {[%clk 0:03:03]} d5 {[%clk 0:03:03]} 2. Nf3 {[%clk 0:03:05]} Nf6
{[%clk 0:03:04]} 3. g3 {[%clk 0:03:06]} g6 {[%clk 0:03:05]} 4. Bg2
{[%clk 0:03:07]} Bg7 {[%clk 0:03:06]} 5. O-O {[%clk 0:03:08]} O-O 6. c4 c6
{[%clk 0:03:05]} 7. Nbd2 {[%clk 0:03:10]} Bf5 {[%clk 0:03:05]} 8. Re1
{[%clk 0:03:09]} Nbd7 {[%clk 0:03:04]} 9. Qb3 {[%clk 0:03:07]} Qc7
{[%clk 0:03:01]} 10. Nf1 {[%clk 0:03:02]} dxc4 {[%clk 0:02:56]} 11. Qxc4
{[%clk 0:03:02]} Rfd8 {[%clk 0:02:57]} 12. Bf4 {[%clk 0:02:47]} Qb6
{[%clk 0:02:55]} 13. Ne3 {[%clk 0:02:43]} Be6 {[%clk 0:02:49]} 14. Qc2
{[%clk 0:02:44]} Nd5 {[%clk 0:02:45]} 15. Nxd5 {[%clk 0:02:40]} Bxd5
{[%clk 0:02:43]} 16. e4 {[%clk 0:02:41]} Be6 {[%clk 0:02:41]} 17. Be3
{[%clk 0:02:36]} Bg4 {[%clk 0:01:37]} 18. d5 {[%clk 0:02:15]} Qxb2
{[%clk 0:01:16]} 19. Qxb2 {[%clk 0:02:13]} Bxb2 {[%clk 0:01:16]} 20. Rab1
{[%clk 0:02:13]} Bg7 {[%clk 0:01:15]} 21. Rxb7 {[%clk 0:02:02]} cxd5
{[%clk 0:01:16]} 22. exd5 {[%clk 0:01:58]} a6 {[%clk 0:01:15]} 23. Nd4
{[%clk 0:01:44]} Nc5 {[%clk 0:00:51]} 24. Rxe7 {[%clk 0:01:30]} Nd3
{[%clk 0:00:45]} 25. Rf1 {[%clk 0:01:15]} Bf6 {[%clk 0:00:41]} 26. Rb7
{[%clk 0:01:06]} Nc5 {[%clk 0:00:37]} 27. Rc7 {[%clk 0:00:51]} Bxd4
{[%clk 0:00:29]} 28. Bxd4 {[%clk 0:00:52]} Nd3 {[%clk 0:00:23]} 29. d6
{[%clk 0:00:20]} Rac8 {[%clk 0:00:24]} 30. Bb7 {[%clk 0:00:17]} Rxc7
{[%clk 0:00:21]} 31. dxc7 {[%clk 0:00:16]} Re8 {[%clk 0:00:21]} 32. h3
{[%clk 0:00:07]} Bxh3 {[%clk 0:00:19]} 33. Rd1 {[%clk 0:00:07]} Bf5
{[%clk 0:00:18]} 34. Rxd3 {[%clk 0:00:05]} Bxd3 {[%clk 0:00:16]} 35. c8=Q
{[%clk 0:00:06]} Rxc8 {[%clk 0:00:16]} 36. Bxc8 {[%clk 0:00:07]} Bc4
{[%clk 0:00:17]} 37. a3 {[%clk 0:00:08]} Kf8 {[%clk 0:00:16]} 38. Bc5+
{[%clk 0:00:10]} Ke8 {[%clk 0:00:16]} 39. Bb4 {[%clk 0:00:11]} f6
{[%clk 0:00:15]} 40. Bb7 {[%clk 0:00:11]} Kf7 {[%clk 0:00:16]} 41. Kg2
{[%clk 0:00:12]} Ke6 {[%clk 0:00:16]} 42. Kf3 {[%clk 0:00:12]} h6
{[%clk 0:00:16]} 43. Ke4 {[%clk 0:00:12]} f5+ {[%clk 0:00:15]} 44. Kd4
{[%clk 0:00:13]} Bb5 {[%clk 0:00:15]} 45. Bd5+ {[%clk 0:00:14]} Kf6
{[%clk 0:00:14]} 46. Bc4 {[%clk 0:00:14]} Bxc4 {[%clk 0:00:14]} 47. Kxc4
{[%clk 0:00:15]} Kg5 {[%clk 0:00:14]} 48. Kc5 {[%clk 0:00:15]} Kg4
{[%clk 0:00:15]} 49. Kb6 {[%clk 0:00:16]} Kf3 {[%clk 0:00:15]} 50. Bc5
{[%clk 0:00:17]} f4 {[%clk 0:00:16]} 51. gxf4 {[%clk 0:00:17]} h5
{[%clk 0:00:16]} 52. Be7 {[%clk 0:00:10]} Kxf4 {[%clk 0:00:11]} 53. Bh4
{[%clk 0:00:11]} g5 {[%clk 0:00:13]} 54. Bg3+ {[%clk 0:00:11]} Kg4
{[%clk 0:00:13]} 55. Kxa6 {[%clk 0:00:10]} h4 {[%clk 0:00:15]} 56. Bd6
{[%clk 0:00:10]} h3 {[%clk 0:00:13]} 57. Kb5 {[%clk 0:00:09]} Kf3
{[%clk 0:00:14]} 58. a4 {[%clk 0:00:10]} Kxf2 {[%clk 0:00:13]} 59. a5
{[%clk 0:00:10]} g4 {[%clk 0:00:14]} 60. a6 {[%clk 0:00:09]} g3 {[%clk 0:00:15]}
61. Bxg3+ {[%clk 0:00:06]} Kxg3 {[%clk 0:00:15]} 62. a7 {[%clk 0:00:07]} h2
{[%clk 0:00:16]} 63. a8=Q {[%clk 0:00:08]} Kf2 {[%clk 0:00:13]} 0-1

[Event "Team Championship (women blitz)"]
[Site "Sochi"]
[Date "2017.10.05"]
[Round "6.8"]
[White "Murzina, Agata"]
[Black "Markelova, Lubov"]
[Result "0-1"]
[LiveChessVersion "1.4.8"]
[BlackElo "2068"]
[WhiteElo "1764"]

1. e4 {[%clk 0:03:02]} e6 {[%clk 0:03:04]} 2. c4 {[%clk 0:03:02]} d5
{[%clk 0:03:05]} 3. exd5 {[%clk 0:03:02]} exd5 {[%clk 0:03:06]} 4. cxd5
{[%clk 0:03:02]} Nf6 {[%clk 0:03:07]} 5. Bc4 {[%clk 0:03:03]} Nbd7
{[%clk 0:02:59]} 6. Nc3 {[%clk 0:02:55]} Be7 {[%clk 0:02:54]} 7. Nf3
{[%clk 0:02:54]} O-O {[%clk 0:02:54]} 8. O-O {[%clk 0:02:52]} Nb6
{[%clk 0:02:54]} 9. Bb3 {[%clk 0:02:50]} Nbxd5 {[%clk 0:02:50]} 10. d4
{[%clk 0:02:45]} Bg4 {[%clk 0:02:43]} 11. Bg5 {[%clk 0:02:32]} h6
{[%clk 0:02:15]} 12. Bxf6 {[%clk 0:02:22]} Nxf6 {[%clk 0:02:15]} 13. d5
{[%clk 0:02:13]} Bd6 {[%clk 0:02:07]} 14. h3 {[%clk 0:02:10]} Bh5
{[%clk 0:02:07]} 15. Qd3 {[%clk 0:01:59]} Bg6 {[%clk 0:01:54]} 16. Qd2
{[%clk 0:02:00]} Ne4 {[%clk 0:01:44]} 17. Qd4 {[%clk 0:01:17]} Nxc3
{[%clk 0:01:28]} 18. bxc3 {[%clk 0:01:15]} Re8 {[%clk 0:01:24]} 19. Rfe1
{[%clk 0:01:15]} Qf6 {[%clk 0:00:52]} 20. Qxf6 {[%clk 0:00:34]} gxf6
{[%clk 0:00:53]} 21. c4 {[%clk 0:00:33]} Bc5 {[%clk 0:00:42]} 22. Rad1
{[%clk 0:00:25]} Bb4 {[%clk 0:00:41]} 23. Rxe8+ {[%clk 0:00:15]} Rxe8
{[%clk 0:00:42]} 24. Nd4 {[%clk 0:00:15]} a6 {[%clk 0:00:37]} 25. Nf3
{[%clk 0:00:08]} Re2 {[%clk 0:00:31]} 26. Nd4 {[%clk 0:00:07]} Re1+
{[%clk 0:00:25]} 27. Rxe1 {[%clk 0:00:06]} Bxe1 {[%clk 0:00:27]} 28. Kf1
{[%clk 0:00:06]} Bc3 {[%clk 0:00:27]} 29. Nf3 {[%clk 0:00:06]} Bd3+
{[%clk 0:00:24]} 30. Kg1 {[%clk 0:00:07]} Kf8 {[%clk 0:00:19]} 31. c5
{[%clk 0:00:06]} Ke7 {[%clk 0:00:14]} 32. Nh2 {[%clk 0:00:04]} Bb4
{[%clk 0:00:12]} 33. c6 {[%clk 0:00:04]} bxc6 {[%clk 0:00:11]} 34. dxc6
{[%clk 0:00:05]} Bb5 {[%clk 0:00:11]} 35. Bd5 {[%clk 0:00:05]} Kd6
{[%clk 0:00:08]} 36. Bxf7 {[%clk 0:00:04]} Bxc6 {[%clk 0:00:09]} 37. Bb3 a5
{[%clk 0:00:08]} 38. Bc4 {[%clk 0:00:05]} a4 {[%clk 0:00:08]} 39. Bg8
{[%clk 0:00:05]} Be4 {[%clk 0:00:08]} 40. f3 {[%clk 0:00:05]} Bf5
{[%clk 0:00:08]} 41. Kf2 {[%clk 0:00:06]} c5 {[%clk 0:00:09]} 42. Ke3
{[%clk 0:00:06]} a3 {[%clk 0:00:06]} 43. Ng4 {[%clk 0:00:07]} Bxg4
{[%clk 0:00:06]} 44. hxg4 {[%clk 0:00:07]} Ke5 {[%clk 0:00:06]} 45. f4+
{[%clk 0:00:08]} Kd6 {[%clk 0:00:06]} 46. Ke4 {[%clk 0:00:08]} Bc3
{[%clk 0:00:05]} 47. Bb3 {[%clk 0:00:08]} Bd4 {[%clk 0:00:06]} 48. Kf5
{[%clk 0:00:08]} Be3 {[%clk 0:00:05]} 49. g5 {[%clk 0:00:09]} fxg5
{[%clk 0:00:06]} 50. fxg5 {[%clk 0:00:10]} Bxg5 {[%clk 0:00:07]} 51. g4
{[%clk 0:00:11]} Kc6 {[%clk 0:00:07]} 52. Ba4+ {[%clk 0:00:11]} Kd6
{[%clk 0:00:08]} 53. Bb3 {[%clk 0:00:12]} Bd2 {[%clk 0:00:08]} 54. Ke4
{[%clk 0:00:12]} Bg5 {[%clk 0:00:08]} 55. Kf5 {[%clk 0:00:13]} Be3
{[%clk 0:00:08]} 56. Ke4 {[%clk 0:00:14]} Bd4 {[%clk 0:00:08]} 57. Kf5
{[%clk 0:00:16]} Be3 {[%clk 0:00:08]} 58. Ke4 {[%clk 0:00:17]} Bc1
{[%clk 0:00:09]} 59. Kf5 {[%clk 0:00:18]} Kc6 {[%clk 0:00:08]} 60. Ba4+
{[%clk 0:00:19]} Kb6 {[%clk 0:00:10]} 61. Ke5 {[%clk 0:00:18]} Ka5
{[%clk 0:00:10]} 62. Bb3 {[%clk 0:00:19]} Kb4 {[%clk 0:00:11]} 63. Kd5
{[%clk 0:00:20]} Bb2 {[%clk 0:00:12]} 64. Ke4 {[%clk 0:00:14]} c4
{[%clk 0:00:13]} 65. Bc2 {[%clk 0:00:15]} Kc3 {[%clk 0:00:13]} 66. Bd1
{[%clk 0:00:15]} Kd2 {[%clk 0:00:14]} 67. Ba4 {[%clk 0:00:14]} c3
{[%clk 0:00:15]} 68. Kf5 {[%clk 0:00:14]} c2 {[%clk 0:00:15]} 69. Bxc2
{[%clk 0:00:14]} Kxc2 {[%clk 0:00:16]} 70. Kg6 {[%clk 0:00:15]} Bc1
{[%clk 0:00:17]} 71. Kf5 {[%clk 0:00:15]} Kb2 {[%clk 0:00:17]} 72. Ke4
{[%clk 0:00:16]} Kxa2 {[%clk 0:00:18]} 73. Kd3 {[%clk 0:00:18]} Kb1
{[%clk 0:00:17]} 74. Kc3 {[%clk 0:00:19]} a2 {[%clk 0:00:18]} 75. Kb3
{[%clk 0:00:20]} a1=Q {[%clk 0:00:18]} 76. Kb4 {[%clk 0:00:20]} Qa3+
{[%clk 0:00:17]} 77. Kb5 {[%clk 0:00:22]} Qc3 {[%clk 0:00:17]} 78. Ka6
{[%clk 0:00:22]} Qb4 {[%clk 0:00:17]} 79. Ka7 {[%clk 0:00:23]} Kc2
{[%clk 0:00:18]} 80. Ka8 {[%clk 0:00:23]} Kd3 {[%clk 0:00:19]} 81. Ka7
{[%clk 0:00:24]} Kd4 {[%clk 0:00:20]} 82. Ka8 {[%clk 0:00:24]} Kc5
{[%clk 0:00:21]} 83. Ka7 {[%clk 0:00:19]} Kc6 {[%clk 0:00:22]} 84. g5
{[%clk 0:00:17]} Qb7# {[%clk 0:00:22]} 0-1